[Event "IX EICC"]
[Site "Plovdiv BUL"]
[Date "2008.05.01"]
[Round "10"]
[White "Yordanov,N"]
[Black "Grunberg,M"]
[Result "1-0"]
[WhiteElo "2296"]
[BlackElo "2422"]
[EventDate "2008.04.21"]

1. e4 Nf6 2. e5 Nd5 3. d4 d6 4. Nf3 c6 5. Be2 Bg4 6. O-O Nd7 7. exd6 exd6
8. Re1 Be7 9. c4 N5f6 10. h3 Bf5 11. Nc3 O-O 12. Nh4 Be6 13. d5 cxd5 14.
Nxd5 Nxd5 15. cxd5 Bxh3 16. Nf3 Bg4 17. Bf4 Re8 18. Nd4 Bxe2 19. Rxe2 Nf6
20. Nf5 Bf8 21. Bg5 Rxe2 22. Qxe2 Qe8 23. Qf3 Ne4 24. Bf4 g6 25. Nh6+ Bxh6
26. Bxh6 f5 27. Qd3 Qe5 28. Qb5 Nc5 29. Rd1 Qe8 30. Qb4 a5 31. Qd4 Qe5 32.
Qd2 Ne4 33. Qc1 Re8 34. Bf4 Qf6 35. f3 Nc5 36. Bg5 Qe5 37. Bf4 Qe2 38. Rd2
Qe7 39. Rd1 b5 40. Qd2 a4 41. Bg3 Qf6 42. Qb4 Rb8 43. Bf2 Nd7 44. Bd4 Qf8
45. Re1 Nc5 46. Qd2 Nd7 47. Bc3 Re8 48. Re6 Nc5 49. Rxe8 Qxe8 50. Qd4 Qe7
51. Qh8+ Kf7 52. Qxh7+ Kf8 53. Qh8+ Kf7 54. Qg7+ Ke8 55. Qxg6+ Kd7 56.
Qxf5+ Kc7 57. Qf6 Qe3+ 58. Kh2 Nd3 59. Bd4 Qe8 60. Qg7+ Kc8 61. Qg4+ Kb7
62. Qe6 Qh5+ 63. Kg1 Qh7 64. Qe4 1-0

[Event "IX EICC"]
[Site "Plovdiv BUL"]
[Date "2008.05.01"]
[Round "10"]
[White "Mudelsee,M"]
[Black "Morchiashvili,B"]
[Result "0-1"]
[WhiteElo "2284"]
[BlackElo "2421"]
[EventDate "2008.04.21"]

1. e4 c6 2. d4 d5 3. exd5 cxd5 4. Bd3 Nc6 5. c3 Nf6 6. h3 g6 7. Bf4 Bf5 8.
Bxf5 gxf5 9. Nd2 e6 10. Ngf3 Bd6 11. Ne5 Bxe5 12. dxe5 Nd7 13. Qe2 Rg8 14.
g4 Qb6 15. O-O-O fxg4 16. hxg4 Qa6 17. Qxa6 bxa6 18. f3 Ndxe5 19. Bxe5 Nxe5
20. Rxh7 Ke7 21. Kc2 Rgc8 22. Re1 Kf6 23. Rh6+ Ng6 24. b4 Rh8 25. Reh1 Rxh6
26. Rxh6 Rc8 27. Nb3 Rc4 28. a4 e5 29. Nd2 Rc7 30. a5 Kg5 31. Rh5+ Kf4 32.
Rf5+ Ke3 33. Rf6 Nf4 34. Rxa6 Ne2 35. c4 dxc4 36. Rf6 c3 37. Ne4 Nd4+ 38.
Kc1 c2 39. Nc5 Rxc5 40. bxc5 Kd3 0-1

[Event "IX EICC"]
[Site "Plovdiv BUL"]
[Date "2008.05.01"]
[Round "10"]
[White "Pavlidis,Ana"]
[Black "Loeffler,S"]
[Result "0-1"]
[WhiteElo "2280"]
[BlackElo "2409"]
[EventDate "2008.04.21"]

1. e4 Nf6 2. e5 Nd5 3. d4 d6 4. Nf3 dxe5 5. Nxe5 c6 6. Be2 Bf5 7. O-O Nd7
8. Nd3 e6 9. c4 N5b6 10. Qb3 a5 11. a4 Qb8 12. Bf4 Bd6 13. Bxd6 Qxd6 14. c5
Qd5 15. Qc3 Qe4 16. cxb6 Qxe2 17. Nc5 Nxb6 18. Qb3 Nd5 19. Nc3 Qc2 20. Qxb7
O-O 21. Rac1 Rfb8 22. Qxc6 Nb4 23. Qxa8 Rxa8 24. Rxc2 Bxc2 25. Rc1 g5 26.
Kf1 Rd8 27. Nb5 Rd5 28. Na3 Rxd4 29. Nxc2 Rc4 30. Nb3 Nxc2 31. Ke2 Rb4 32.
Nxa5 Nd4+ 33. Kd3 Rxa4 34. Nc4 Nb3 35. Rc3 Nc5+ 36. Kd4 Nd7 37. Ra3 Rb4 38.
Kc3 Rb7 39. Ra5 h6 40. b4 Nf6 41. b5 Kf8 42. Kd4 Nd5 43. Nd6 Rd7 44. Ra8+
Ke7 45. Nc8+ Kf6 46. Kc5 Rc7+ 47. Kd6 Rc2 48. Ra3 Rxc8 0-1

[Event "IX EICC"]
[Site "Plovdiv BUL"]
[Date "2008.05.01"]
[Round "10"]
[White "Kourousis,E"]
[Black "Filev,G"]
[Result "0-1"]
[WhiteElo "2191"]
[BlackElo "2392"]
[EventDate "2008.04.21"]

1. d4 Nf6 2. c4 c5 3. d5 b5 4. Bg5 Ne4 5. Nd2 Nxg5 6. h4 g6 7. hxg5 Bg7 8.
Qc2 bxc4 9. Nxc4 d6 10. Nf3 Nd7 11. e4 Ba6 12. Bd3 Bxc4 13. Bxc4 Qa5+ 14.
Kf1 Rb8 15. Rb1 O-O 16. g3 Nb6 17. b3 Nxc4 18. bxc4 Rxb1+ 19. Qxb1 Qc3 20.
Qb3 Qxb3 21. axb3 Rb8 22. Nd2 Bc3 23. Ke2 Bxd2 24. Kxd2 Rxb3 25. Ra1 Rb7
26. f4 Kg7 27. g4 h6 28. Ke3 hxg5 29. fxg5 f6 30. Kd3 Kf7 31. Ke3 Rb3+ 32.
Kf4 Rb4 33. gxf6 Kxf6 34. g5+ Kf7 35. Rxa7 Rxc4 36. Ra1 Rc2 37. Ra8 Rc1 38.
Rh8 c4 39. Rc8 c3 40. Ke3 c2 41. Ke2 Rg1 42. Rxc2 Rxg5 43. Ke3 Rg3+ 44. Kf4
Rg1 45. Rc8 Rh1 46. Kg5 Rh5+ 47. Kg4 Kf6 48. Re8 Rh7 49. Kf4 g5+ 50. Kg4
Ke5 51. Kxg5 Kxe4 52. Kg6 Rh1 53. Rxe7+ Kxd5 54. Re2 Rd1 55. Kf5 Kd4 56.
Re4+ Kd5 57. Ra4 Rf1+ 58. Kg4 Ke5 59. Kg3 d5 60. Kg2 Rf8 0-1

[Event "IX EICC"]
[Site "Plovdiv BUL"]
[Date "2008.05.01"]
[Round "10"]
[White "Rasmussen,Kar"]
[Black "Badev,K"]
[Result "1-0"]
[WhiteElo "2486"]
[BlackElo "2311"]
[EventDate "2008.04.21"]

1. c4 e6 2. Nc3 d5 3. d4 c6 4. e3 g6 5. Nf3 Bg7 6. Bd3 Nf6 7. O-O O-O 8. e4
dxe4 9. Nxe4 Nxe4 10. Bxe4 Nd7 11. Bg5 f6 12. Bf4 g5 13. Bd6 Rf7 14. h3 Nb6
15. c5 Nd5 16. Re1 Bf8 17. Bg3 b6 18. cxb6 axb6 19. a3 Bd6 20. Bxd6 Qxd6
21. Rc1 Bd7 22. Nd2 Raf8 23. Nc4 Qb8 24. a4 b5 25. axb5 cxb5 26. Bxd5 exd5
27. Ne3 f5 28. Nxd5 g4 29. Rc7 Qd8 30. Qb3 Kh8 31. Qe3 gxh3 32. Qe5+ Rg7
33. g3 Rff7 34. Rb7 h2+ 35. Kxh2 Rf8 36. Nb6 Kg8 37. Qxg7+ 1-0

[Event "IX EICC"]
[Site "Plovdiv BUL"]
[Date "2008.05.01"]
[Round "10"]
[White "Balog,I1"]
[Black "Ramesa,D"]
[Result "1-0"]
[WhiteElo "2415"]
[BlackElo "2321"]
[EventDate "2008.04.21"]

1. Nf3 Nf6 2. c4 c6 3. b3 d5 4. Bb2 Bg4 5. e3 e6 6. Be2 Nbd7 7. O-O Bd6 8.
d3 O-O 9. Nbd2 Qe7 10. Re1 e5 11. h3 Bh5 12. Nh4 Bxe2 13. Qxe2 g6 14. cxd5
cxd5 15. e4 d4 16. Rf1 b5 17. g3 Rac8 18. Rfc1 Ba3 19. Ndf3 Bxb2 20. Qxb2
b4 21. Qd2 Rc3 22. Rf1 Rfc8 23. Ne1 Nc5 24. Rd1 Rc7 25. Nhf3 Nh5 26. Qe2
Nd7 27. Nd2 Nb6 28. Nc4 Nxc4 29. bxc4 Rc6 30. Rd2 a5 31. Kh2 a4 32. f4 b3
33. axb3 axb3 34. Qf2 f6 35. Nf3 exf4 36. Qxd4 fxg3+ 37. Kg1 Qc5 38. Qxc5
Rxc5 39. Nd4 Ra5 40. Ne2 Rc2 41. Rxc2 bxc2 42. Rc1 Ra2 43. Kg2 Kf7 44. Kf3
Ke7 45. Nd4 g5 46. Rxc2 Ra3 47. Nf5+ Kd7 48. Kg4 Nf4 49. Nxg3 Rxd3 50. c5
Ng6 51. c6+ Kc7 52. Nh5 Ne5+ 53. Kf5 Rxh3 54. Nxf6 Nxc6 55. Ke6 Kb7 56.
Rb2+ Ka6 57. Nd7 Ka5 58. e5 Re3 59. Kd6 Nb4 60. Rd2 g4 61. e6 g3 62. Ne5
Kb5 63. e7 Rxe5 64. Kxe5 Nc6+ 65. Kf6 Nxe7 66. Kxe7 h5 67. Rd8 1-0

[Event "IX EICC"]
[Site "Plovdiv BUL"]
[Date "2008.05.01"]
[Round "10"]
[White "Vlashki,N"]
[Black "Chudinovskikh,A"]
[Result "1-0"]
[WhiteElo "2206"]
[BlackElo "2392"]
[EventDate "2008.04.21"]

1. e4 e5 2. Nf3 Nc6 3. Bb5 a6 4. Ba4 Nf6 5. O-O Be7 6. Bxc6 dxc6 7. d3 Nd7
8. Nbd2 O-O 9. Nc4 f6 10. Nh4 Nc5 11. Nf5 Re8 12. Qg4 g6 13. Nxe7+ Qxe7 14.
Qg3 Ne6 15. f4 Nd4 16. Qf2 b5 17. fxe5 fxe5 18. Bg5 Qf8 19. Qxf8+ Rxf8 20.
Rxf8+ Kxf8 21. Rf1+ Kg8 22. Nxe5 Bb7 23. Bh6 Re8 24. Rf7 Ne6 25. d4 a5 26.
c3 a4 27. b3 axb3 28. axb3 Bc8 29. d5 cxd5 30. exd5 Nd8 31. Rg7+ Kh8 32.
Rxc7 Bf5 33. g4 Bc2 34. Bg7+ Kg8 35. Bf6 1-0

[Event "IX EICC"]
[Site "Plovdiv BUL"]
[Date "2008.05.01"]
[Round "10"]
[White "Gengler,P"]
[Black "Chigladze,I"]
[Result "0-1"]
[WhiteElo "2200"]
[BlackElo "2384"]
[EventDate "2008.04.21"]

1. c4 e6 2. d4 d5 3. Nc3 Be7 4. Qc2 Nf6 5. Bg5 O-O 6. e3 h6 7. Bf4 c5 8.
dxc5 dxc4 9. Bxc4 Nc6 10. Rd1 Qa5 11. Nge2 Qxc5 12. Bb3 Na5 13. Nc1 Nxb3
14. Nxb3 Qc4 15. Qd3 Qxd3 16. Rxd3 b6 17. Rd4 Ba6 18. Ra4 Bb7 19. O-O Rfd8
20. Nd4 Nd7 21. Ndb5 e5 22. Bg3 a6 23. Nc7 Rac8 24. Nxa6 Bc6 25. Rb4 Bb7
26. Ra4 b5 27. Nxb5 Nb6 28. Ra5 Nc4 29. Ra4 Nxb2 30. Ra5 Nc4 31. Ra4 Nd2
32. Re1 Bc6 33. Nac7 Rxc7 34. Nxc7 Bxa4 35. Bxe5 Bb4 36. Rc1 Ba3 37. Re1
Rd7 38. h3 f6 39. Bc3 Ne4 40. Ba5 Kf7 41. Rb1 Nd2 42. Bxd2 Rxd2 43. Nb5 Be7
44. Nc3 Bc6 45. Rb6 Bd7 46. a4 Rd3 47. Nb5 Rd1+ 48. Kh2 Bd8 49. Rb7 Kg6 50.
Nc3 Rd3 51. Ne2 Kh7 52. Nd4 Bc8 53. Rb1 Bc7+ 54. Kg1 Be5 55. Nb5 Rd2 56.
Na7 Bf5 57. Rc1 Ra2 58. Nc6 Ra1 59. Rxa1 Bxa1 60. f3 Bd7 61. Nb4 Bxa4 62.
Kf2 Bc3 63. Nd5 Ba5 64. g4 Bb3 65. Nf4 Bc7 66. Ne2 Bc4 67. Nd4 Be5 68. Nc2
Bc3 69. h4 Bd3 70. Ne1 Bxe1+ 71. Kxe1 Kg6 72. Kf2 Kf7 73. h5 Ke6 74. Kg3 f5
75. Kf4 fxg4 76. fxg4 Kd5 77. g5 Be4 0-1

[Event "IX EICC"]
[Site "Plovdiv BUL"]
[Date "2008.05.01"]
[Round "10"]
[White "Vedder,H"]
[Black "Vegh,E"]
[Result "0-1"]
[WhiteElo "2371"]
[BlackElo "2278"]
[EventDate "2008.04.21"]

1. e4 c5 2. Nf3 d6 3. c3 Nf6 4. h3 Nbd7 5. Bd3 e6 6. Bc2 Be7 7. d4 O-O 8.
O-O b6 9. Nbd2 Bb7 10. Re1 cxd4 11. cxd4 Rc8 12. a3 Qc7 13. Bd3 Rfd8 14.
Qe2 Nf8 15. Nf1 Ng6 16. Ng3 Qb8 17. h4 d5 18. e5 Ne4 19. Nh5 f6 20. exf6
gxf6 21. Nh2 Kh8 22. Ng4 f5 23. Nh6 Rf8 24. f3 Ng3 25. Nxg3 Qxg3 26. h5
Rxc1 27. hxg6 Rxa1 28. Rxa1 hxg6 29. Qxe6 Bf6 30. Qe3 Bg5 31. Qe6 Bxh6 32.
Bb5 Bg7 33. Rd1 Qg5 34. Kf2 Qh4+ 35. Ke2 Bf6 36. Rc1 Qh7 37. Kd3 Qf7 38.
Qd6 Rd8 39. Qf4 Rc8 40. Rh1+ Kg8 41. g4 a6 42. Ba4 Rc4 43. Qb8+ Bc8 44. Bb3
Rxd4+ 45. Kc2 Qe6 46. Kb1 Rd2 0-1

[Event "IX EICC"]
[Site "Plovdiv BUL"]
[Date "2008.05.01"]
[Round "10"]
[White "Bakalarz,M"]
[Black "Hagesaether,A"]
[Result "1/2-1/2"]
[WhiteElo "2361"]
[BlackElo "2181"]
[EventDate "2008.04.21"]

1. d4 Nf6 2. Nf3 e6 3. Bf4 b6 4. e3 Bb7 5. Bd3 h6 6. h3 Be7 7. Nbd2 c5 8.
c3 d5 9. Ne5 O-O 10. Qf3 Nc6 11. h4 Nxe5 12. dxe5 Nd7 13. Qg3 Kh8 14. Bxh6
gxh6 15. Qf4 Kg7 16. Qg4+ Bg5 17. f4 f5 18. Qg3 c4 19. Bc2 Rh8 20. O-O-O
Kf7 21. hxg5 hxg5 22. Rxh8 Qxh8 23. Nxc4 Rg8 24. fxg5 Ba6 25. Nd6+ Ke7 26.
Nxf5+ exf5 27. Rxd5 Bc4 28. Rd1 Be6 29. e4 f4 30. Qxf4 Qh5 31. Kb1 Qxg5 32.
Qf1 Qxe5 33. Qa6 Rxg2 34. Qxa7 Qc5 35. Qa4 Rg1 36. Qd4 Rxd1+ 37. Bxd1 Qc4
38. Qxc4 Bxc4 39. b3 Bf7 40. Bc2 Kd6 41. b4 Ke5 42. Kb2 Nf6 43. Bd3 Nxe4
44. c4 Nf2 45. Be2 Kd4 46. c5 1/2-1/2

[Event "IX EICC"]
[Site "Plovdiv BUL"]
[Date "2008.05.01"]
[Round "10"]
[White "Kostic,Neb"]
[Black "Stavrianakis,I"]
[Result "0-1"]
[WhiteElo "2334"]
[BlackElo "2121"]
[EventDate "2008.04.21"]

1. d4 d5 2. Nf3 c6 3. Bf4 Nf6 4. h3 Bf5 5. e3 e6 6. c3 h6 7. Nbd2 Bd6 8.
Ne5 O-O 9. g4 Bh7 10. g5 hxg5 11. Bxg5 Be7 12. Rg1 Ne8 13. Bh6 Bf6 14. Qh5
Bxe5 15. dxe5 Nd7 16. Bxg7 Nxg7 17. Qh6 Bg6 18. Nf3 Nf5 19. Qf4 Kg7 20. Bd3
Rh8 21. O-O-O Qe7 22. Rg4 Rag8 23. Rdg1 Kf8 24. h4 Rh5 25. e4 Nc5 26. Bc2
Nxe4 27. Nd4 Rgh8 28. Bxe4 dxe4 29. Rxg6 fxg6 30. Rxg6 Rxh4 31. Nxe6+ Qxe6
32. Qxh4 Nxh4 33. Rxe6 Kf7 34. Rf6+ Ke7 35. Rf4 Ng6 36. Rxe4 0-1

[Event "IX EICC"]
[Site "Plovdiv BUL"]
[Date "2008.05.01"]
[Round "10"]
[White "Ljangov,P"]
[Black "Willemze,T"]
[Result "0-1"]
[WhiteElo "2192"]
[BlackElo "2399"]
[EventDate "2008.04.21"]

1. e4 e6 2. d4 d5 3. Nc3 Nf6 4. Bg5 dxe4 5. Nxe4 Be7 6. Bxf6 gxf6 7. Nf3 f5
8. Ned2 a6 9. c3 O-O 10. Be2 Kh8 11. O-O c5 12. dxc5 Bxc5 13. Nb3 Be7 14.
Qxd8 Rxd8 15. Ne5 Kg7 16. Nc4 Nd7 17. Rad1 b5 18. Nd6 Nb6 19. Nxc8 Raxc8
20. Rxd8 Rxd8 21. Rb1 Na4 22. Kf1 Bf6 23. a3 Be5 24. h3 Rd6 25. g3 Kf8 26.
Bh5 f4 27. gxf4 Bxf4 28. Bf3 Rd3 29. Kg2 h6 30. Be4 Rd6 31. Nd4 Be5 32. Nf3
Bg7 33. Bc2 Nb6 34. Bb3 Ke7 35. Kf1 Nd5 36. Bxd5 Rxd5 37. Re1 Kd6 38. Ke2
Rh5 39. Rg1 Bf6 40. Ra1 Ke7 41. Rh1 a5 42. Kf1 b4 43. axb4 axb4 44. cxb4
Rb5 45. Kg2 Rxb4 46. Rb1 Bxb2 47. Ne5 Rb5 48. Nc4 Rg5+ 49. Kf1 Bf6 50. Rb7+
Kf8 51. Rb8+ Kg7 52. Rb7 Rd5 53. Rb3 Bh4 54. Ne3 Rd2 55. Ng2 Bxf2 56. Rf3
Bd4 57. Nf4 Be5 58. Nd3 Bd6 59. Nf2 Ra2 60. Ne4 Be5 61. Nc5 Ra1+ 62. Ke2
Ra2+ 63. Kf1 Ra5 64. Nd3 Bd6 65. Nf2 f5 66. Re3 Ra1+ 67. Kg2 Ra2 0-1

[Event "IX EICC"]
[Site "Plovdiv BUL"]
[Date "2008.05.01"]
[Round "10"]
[White "Lomsadze,D"]
[Black "Stanoev,A"]
[Result "1-0"]
[WhiteElo "2394"]
[BlackElo "2193"]
[EventDate "2008.04.21"]

1. e4 g6 2. d4 Bg7 3. c4 d6 4. Nc3 Nf6 5. f3 O-O 6. Be3 e5 7. Nge2 c6 8.
Qd2 Nbd7 9. O-O-O a6 10. h4 b5 11. Bh6 Bxh6 12. Qxh6 exd4 13. Nxd4 Ne5 14.
h5 Ra7 15. Qg5 Kh8 16. hxg6 fxg6 17. f4 Nf7 18. Qh4 Rc7 19. g4 Qe7 20. g5
Nh5 21. Be2 b4 22. Bxh5 gxh5 23. Nce2 Bg4 24. Ng3 Bxd1 25. Rxd1 d5 26. e5
dxc4 27. Ngf5 Qe8 28. g6 Nd8 29. g7+ Rxg7 30. Nxg7 Kxg7 31. Rg1+ Kh8 32.
Qg5 Qg6 33. e6 Qxg5 34. Rxg5 Re8 35. f5 c5 36. Nf3 Nxe6 37. fxe6 Rxe6 38.
Ne5 h6 39. Rxh5 c3 40. bxc3 bxc3 41. Kc2 Kg7 42. Kxc3 Rb6 43. Nd3 Rb5 44.
a4 Rb6 45. Rxc5 Rf6 46. Kd4 1-0

[Event "IX EICC"]
[Site "Plovdiv BUL"]
[Date "2008.05.01"]
[Round "10"]
[White "Fragakis,E"]
[Black "Dinev,De"]
[Result "0-1"]
[WhiteElo "2133"]
[BlackElo "2298"]
[EventDate "2008.04.21"]

1. e4 c5 2. Nf3 Nc6 3. d4 cxd4 4. Nxd4 g6 5. Nc3 Bg7 6. Be3 Nf6 7. Bc4 O-O
8. Bb3 a5 9. f3 d5 10. exd5 Nb4 11. d6 Qxd6 12. Ndb5 Qe5 13. Qe2 a4 14.
Nxa4 Bd7 15. Nac3 Nfd5 16. Bd2 Qh5 17. Nxd5 Nxd5 18. Bxd5 Bxb2 19. Rb1 Qxd5
20. Rxb2 Rxa2 21. Nc3 Ra1+ 22. Nd1 Bf5 23. c4 Qd4 24. g4 Qxb2 25. gxf5 Qd4
26. h4 Rd8 27. Qe3 Rxd1+ 0-1

[Event "IX EICC"]
[Site "Plovdiv BUL"]
[Date "2008.05.01"]
[Round "10"]
[White "Kakkanas,E"]
[Black "Sigalas,F"]
[Result "0-1"]
[WhiteElo "2058"]
[BlackElo "2250"]
[EventDate "2008.04.21"]

1. d4 Nf6 2. c4 e6 3. Nf3 b6 4. g3 Ba6 5. Qc2 c5 6. Bg2 Nc6 7. dxc5 Bxc5 8.
O-O Rc8 9. b3 O-O 10. Nc3 d5 11. Rd1 Qc7 12. Bf4 Qb7 13. Ne5 Nxe5 14. Bxe5
Bxf2+ 15. Kxf2 Ng4+ 16. Kg1 Nxe5 17. Rxd5 exd5 18. Nxd5 Qb8 19. Rf1 Rce8
20. Be4 Ng6 21. Bxg6 fxg6 22. Rxf8+ Kxf8 23. Qd2 Qe5 24. Qb4+ Kg8 25. Qa4
0-1

[Event "IX EICC"]
[Site "Plovdiv BUL"]
[Date "2008.05.01"]
[Round "10"]
[White "Dorfanis,I"]
[Black "Tzouganakis,P"]
[Result "1-0"]
[WhiteElo "2207"]
[BlackElo "1900"]
[EventDate "2008.04.21"]

1. e4 g6 2. d4 Bg7 3. c3 d6 4. Bd3 Nf6 5. Nf3 O-O 6. O-O Nbd7 7. Re1 e5 8.
Bc2 c6 9. Nbd2 Qc7 10. Bb3 Nb6 11. h3 Nh5 12. Nf1 Qe7 13. Bg5 Bf6 14. Qd2
Be6 15. Bxf6 Qxf6 16. Bxe6 Qxe6 17. b3 Nf4 18. Rad1 Qf6 19. N1h2 Rad8 20.
g3 Ne6 21. Qh6 exd4 22. cxd4 Qg7 23. Qh4 h5 24. d5 cxd5 25. exd5 Nc7 26. g4
Ncxd5 27. gxh5 Rfe8 28. Kh1 Nc3 29. Rxe8+ Rxe8 30. h6 Qh8 31. Rxd6 Ne4 32.
Rd8 Qa1+ 33. Kg2 Nf6 34. h7+ Kh8 35. Rxe8+ Nxe8 36. Qe7 Nf6 37. Ng5 Nxh7
38. Nxf7+ Kg8 39. Ng4 Nd5 40. Nfh6+ Kh8 41. Qd8+ 1-0

[Event "IX EICC"]
[Site "Plovdiv BUL"]
[Date "2008.05.01"]
[Round "10"]
[White "Aristotelous,V"]
[Black "Arnaudov,P"]
[Result "0-1"]
[WhiteElo "1954"]
[BlackElo "2162"]
[EventDate "2008.04.21"]

1. Nf3 c5 2. g3 b5 3. Bg2 Bb7 4. O-O Nf6 5. d3 d6 6. e4 Nbd7 7. Re1 Qc7 8.
Nbd2 g6 9. Nf1 Bg7 10. c3 O-O 11. Bf4 e5 12. Bd2 c4 13. dxc4 bxc4 14. Qc2
Nc5 15. Ng5 h6 16. Nh3 d5 17. exd5 Nd3 18. Re2 Nxd5 19. Ne3 Rad8 20. b3
Nxe3 21. Bxe3 Bxg2 22. Kxg2 f5 23. f4 g5 24. Rf1 exf4 25. gxf4 g4 26. Ng1
Qc6+ 27. Kg3 Rfe8 28. bxc4 h5 29. h4 Qxc4 30. Qb3 Qxb3 31. axb3 Bxc3 32.
Bxa7 Be1+ 33. Kg2 Bxh4 34. Rc2 Ne1+ 35. Rxe1 Bxe1 36. Kf1 Rd2 37. Rxd2 Bxd2
38. Ne2 h4 39. Bd4 h3 40. Be5 Kf7 41. Kf2 Ra8 42. Kg1 Be3+ 43. Kh1 Ra2 44.
Ng3 Kg6 0-1

[Event "IX EICC"]
[Site "Plovdiv BUL"]
[Date "2008.05.01"]
[Round "10"]
[White "Bozinovic,Bob"]
[Black "Ivanov,L"]
[Result "1-0"]
[WhiteElo "2134"]
[BlackElo "2020"]
[EventDate "2008.04.21"]

1. e4 c5 2. Nf3 d6 3. d4 cxd4 4. Nxd4 Nf6 5. Nc3 g6 6. Be3 Bg7 7. f3 O-O 8.
Qd2 Nc6 9. O-O-O d5 10. Kb1 Nxd4 11. e5 Nxc2 12. exf6 Bxf6 13. Qxc2 Bf5 14.
Bd3 Bxd3 15. Qxd3 d4 16. Bxd4 e5 1-0

[Event "IX EICC"]
[Site "Plovdiv BUL"]
[Date "2008.05.02"]
[Round "11"]
[White "Papaioannou,I"]
[Black "Fressinet,L"]
[Result "1/2-1/2"]
[WhiteElo "2566"]
[BlackElo "2656"]
[EventDate "2008.04.21"]

1. d4 d5 2. Nf3 Nf6 3. c4 c6 4. e3 Bg4 5. h3 Bxf3 6. Qxf3 e6 7. Bd3 Nbd7 8.
O-O Bd6 9. Nd2 O-O 10. e4 dxe4 1/2-1/2

[Event "IX EICC"]
[Site "Plovdiv BUL"]
[Date "2008.05.02"]
[Round "11"]
[White "Aveskulov,V"]
[Black "Golod,V"]
[Result "1/2-1/2"]
[WhiteElo "2535"]
[BlackElo "2606"]
[EventDate "2008.04.21"]

1. e4 e5 2. Nf3 Nc6 3. Bb5 a6 4. Ba4 Nf6 5. O-O Be7 6. d3 b5 7. Bb3 d6 8.
a4 b4 9. a5 O-O 10. Re1 Be6 11. Nbd2 Rb8 12. Bc4 Qc8 13. b3 Nd7 14. Bb2 Bf6
15. Nf1 Bxc4 16. dxc4 Nc5 17. Ne3 g6 18. Nd5 Bg7 19. Rb1 Rb7 20. c3 Qb8 21.
cxb4 Nxb4 22. Ne7+ Kh8 23. Ba3 c6 24. Bxb4 Rxe7 25. Bxc5 dxc5 26. Re3 Qc7
27. Ra1 Rd7 28. Rd3 Rfd8 29. Rxd7 Rxd7 30. Qc2 Bf6 31. h3 Qd6 32. Qc3 Kg7
33. Kf1 Qb8 34. Ke2 Rb7 35. Rb1 Kg8 36. Rb2 Bg7 37. Qe3 Bf8 38. Qd3 Be7 39.
Kd1 Bd8 40. Qc3 Bc7 41. Kc2 Qd8 42. Ra2 Rb8 43. Ra1 Qe7 44. Rd1 f6 45. Ne1
Rd8 46. Rxd8+ Qxd8 47. Qd3 Bxa5 48. Qxd8+ Bxd8 49. Nd3 Bb6 50. Kd1 Kf7 51.
Ke2 Ke7 52. Ke3 Ba5 53. f4 exf4+ 54. Kxf4 Bd2+ 55. Kf3 Kd6 56. Ke2 Bc3 57.
Ke3 Bd4+ 58. Ke2 1/2-1/2

[Event "IX EICC"]
[Site "Plovdiv BUL"]
[Date "2008.05.02"]
[Round "11"]
[White "Zelcic,R"]
[Black "Chirila,I"]
[Result "1/2-1/2"]
[WhiteElo "2591"]
[BlackElo "2422"]
[EventDate "2008.04.21"]

1. e4 c5 2. Nf3 Nc6 3. d4 cxd4 4. Nxd4 Qb6 5. Nb3 Nf6 6. Nc3 e6 7. Bd3 d6
8. O-O Qc7 9. f4 a6 10. a4 b6 11. Qf3 Be7 12. e5 Nd7 13. exd6 Bxd6 14. a5
Bb7 15. axb6 Nxb6 16. Ne4 Be7 17. Nec5 Ne5 18. Qxb7 Bxc5+ 19. Nxc5 Qxc5+
20. Kh1 Nxd3 21. cxd3 O-O 22. Qe4 Nd5 23. f5 Rfe8 24. Bg5 h6 25. Bd2 Qd6
26. f6 Nxf6 27. Rxf6 gxf6 28. Qg4+ Kh7 29. Qh3 Qe5 30. Qxh6+ Kg8 31. h3
Rac8 32. Rf1 Rc2 33. d4 Qxd4 34. Rf3 Qxd2 35. Rg3+ Qg5 36. Rxg5+ fxg5 37.
Qxg5+ Kf8 38. Qh6+ Kg8 39. Qg5+ Kf8 40. Qe5 Rec8 41. h4 R2c5 42. Qh8+ Ke7
43. b3 a5 44. Kh2 Rd5 45. Qg7 a4 46. bxa4 Rc4 47. Kh3 Rxa4 48. Qc3 Rad4 49.
g3 Rd3 50. Qb4+ Kf6 51. Qb2+ Kg6 52. Qh8 Rf5 53. Kg4 Rdd5 54. Qg8+ Kf6 55.
Qh8+ Ke7 56. Qc3 Rh5 57. Kh3 Rhe5 58. Qa3+ Ke8 59. Qf3 Re1 60. Qc3 Red1 61.
Qa3 R1d3 62. Qa4+ Ke7 63. Qb4+ Kf6 64. Qf8 Rf5 65. Kg4 Rd2 66. Kh3 Rd3 67.
Kg2 Rd2+ 68. Kh3 Rd3 69. Qg8 Ke7 70. Kg2 Rd2+ 71. Kh3 Rd3 72. Qc8 Rff3 73.
Qc5+ Kd7 74. Qb5+ Kd8 75. Qa5+ Ke8 76. Qb5+ Kf8 77. Qc5+ Ke8 78. Qc8+ Ke7
79. Qc5+ Kd7 80. Qb5+ Kd6 81. Qb6+ Kd7 82. Qb5+ Ke7 1/2-1/2

[Event "IX EICC"]
[Site "Plovdiv BUL"]
[Date "2008.05.02"]
[Round "11"]
[White "Janev,E"]
[Black "Baramidze,D"]
[Result "1/2-1/2"]
[WhiteElo "2472"]
[BlackElo "2583"]
[EventDate "2008.04.21"]

1. e4 e5 2. Nf3 Nc6 3. Bb5 a6 4. Ba4 Nf6 5. d3 b5 6. Bb3 Be7 7. O-O O-O 8.
Re1 d6 9. c3 Na5 10. Bc2 c5 11. h3 Nc6 12. d4 exd4 13. cxd4 Nb4 14. Nc3
Nxc2 15. Qxc2 Bb7 16. dxc5 dxc5 17. Bg5 Nd7 18. Bxe7 Qxe7 19. a4 1/2-1/2

[Event "IX EICC"]
[Site "Plovdiv BUL"]
[Date "2008.05.02"]
[Round "11"]
[White "Swiercz,D"]
[Black "Spasov,V"]
[Result "1/2-1/2"]
[WhiteElo "2413"]
[BlackElo "2579"]
[EventDate "2008.04.21"]

1. e4 c5 2. Nf3 Nc6 3. d4 cxd4 4. Nxd4 Nf6 5. Nc3 e5 6. Ndb5 d6 7. Bg5 a6
8. Na3 b5 9. Bxf6 gxf6 10. Nd5 f5 11. c3 Bg7 12. exf5 Bxf5 13. Nc2 O-O 14.
Nce3 Be6 15. Bd3 f5 16. O-O Kh8 17. Qh5 e4 18. Bc2 1/2-1/2

[Event "IX EICC"]
[Site "Plovdiv BUL"]
[Date "2008.05.02"]
[Round "11"]
[White "Marin,Mi"]
[Black "Riazantsev,A"]
[Result "1/2-1/2"]
[WhiteElo "2556"]
[BlackElo "2638"]
[EventDate "2008.04.21"]

1. c4 c6 2. d4 d5 3. cxd5 cxd5 4. Nf3 Nf6 5. Nc3 Nc6 6. Bf4 Bf5 7. e3 e6 8.
Bd3 Bxd3 9. Qxd3 Bd6 10. Bxd6 Qxd6 11. O-O 1/2-1/2

[Event "IX EICC"]
[Site "Plovdiv BUL"]
[Date "2008.05.02"]
[Round "11"]
[White "Drasko,M"]
[Black "Kobalia,M"]
[Result "1/2-1/2"]
[WhiteElo "2536"]
[BlackElo "2627"]
[EventDate "2008.04.21"]

1. d4 d5 2. c4 c6 3. e3 Nf6 4. Nc3 a6 5. Qc2 g6 6. Bd3 Bg7 7. Nf3 Bg4 8.
Ne5 Be6 9. O-O O-O 10. Ne2 dxc4 11. Bxc4 Bxc4 12. Nxc4 Nbd7 13. Bd2 a5 14.
a4 Qc7 15. e4 e5 16. f4 exd4 17. e5 d3 18. Qxd3 Nc5 19. Qa3 Nfd7 20. Be3 b6
21. Rac1 f6 22. Qa2 Kh8 23. Nd6 h6 24. Nf7+ Kh7 25. e6 Nxe6 26. f5 Ng5 27.
fxg6+ Kxg6 28. Nxg5 hxg5 29. Qb1+ Kf7 30. Qa2+ Kg6 31. Qb1+ Kf7 32. Qa2+
1/2-1/2

[Event "IX EICC"]
[Site "Plovdiv BUL"]
[Date "2008.05.02"]
[Round "11"]
[White "Brkic,A"]
[Black "Atalik,S"]
[Result "0-1"]
[WhiteElo "2521"]
[BlackElo "2592"]
[EventDate "2008.04.21"]

1. e4 e6 2. d4 d5 3. Nc3 Nf6 4. e5 Nfd7 5. f4 c5 6. Nf3 Nc6 7. Be3 Qb6 8.
Na4 Qa5+ 9. c3 b6 10. Be2 Ba6 11. Bxa6 Qxa6 12. Kf2 Rc8 13. Re1 Be7 14. Kg1
O-O 15. g4 cxd4 16. cxd4 f5 17. exf6 Nxf6 18. Ng5 Bb4 19. Nc3 Nd8 20. Bf2
Rxc3 21. bxc3 Bxc3 22. Rc1 Bxe1 23. Qxe1 Nxg4 24. Nxe6 Re8 25. f5 Nxe6 26.
fxe6 b5 27. Bh4 Qb6 28. Rc5 Rxe6 29. Qf1 Re8 30. Rxd5 Qe6 31. Qf3 Rf8 32.
Rd8 Rxd8 33. Bxd8 Qe1+ 34. Kg2 Qd2+ 35. Kg3 Qxd4 36. Qa8 Qd7 37. h3 Nh6 38.
Bg5+ Kf7 39. Bxh6 gxh6 40. Qf3+ Ke6 41. Qe3+ Kd5 42. Qc3 Qd6+ 43. Kf3 Qc6
44. Qa5 Kc4+ 45. Kg3 Qc5 46. Kg2 b4 47. Qa4 Qg5+ 48. Kf3 Qf5+ 49. Kg3 a5
50. Qc6+ Kd3 51. Qa4 Qe5+ 52. Kg4 Qg5+ 53. Kf3 Qd5+ 0-1

[Event "IX EICC"]
[Site "Plovdiv BUL"]
[Date "2008.05.02"]
[Round "11"]
[White "Bartel,Mat"]
[Black "Romanov,E"]
[Result "0-1"]
[WhiteElo "2588"]
[BlackElo "2547"]
[EventDate "2008.04.21"]

1. d4 d5 2. c4 c6 3. Nf3 Nf6 4. e3 Bf5 5. Nc3 e6 6. Nh4 Bg6 7. Qb3 Qb6 8.
Bd2 Nbd7 9. Nxg6 hxg6 10. Qc2 Bb4 11. Bd3 e5 12. a3 Bxc3 13. Bxc3 e4 14.
Be2 Qc7 15. h3 dxc4 16. Bxc4 Nb6 17. Be2 Nbd5 18. Bd2 g5 19. O-O-O O-O-O
20. Kb1 Kb8 21. Rc1 Qd7 22. b4 Qf5 23. Rhf1 g4 24. hxg4 Nxg4 25. Be1 Ngf6
26. Ka1 Ka8 27. Qb3 Rc8 28. Bd2 b5 29. f3 Qe6 30. Rh1 Rhe8 31. Rhe1 Kb7 32.
Bd1 g5 33. Re2 g4 34. f4 Nd7 35. Be1 Rh8 36. a4 a6 37. Qa2 f5 38. Bb3 N7f6
39. Rec2 Qd6 40. Bd2 Rh2 41. Rg1 Nxf4 42. exf4 Qxd4+ 43. Qb2 Qxg1+ 44. Bc1
Rh6 45. Ka2 Rd8 46. Qc3 Qb6 47. Bb2 Rg6 48. a5 Qc7 49. Qc5 Nd5 50. Bd4 Kc8
51. Bxd5 Rxd5 52. Qf8+ Qd8 53. Qf7 Rgd6 54. Be3 Qd7 55. Qf8+ Kb7 56. Bc5
Rxc5 57. bxc5 Rd1 58. Qf6 Qd5+ 59. Ka3 Rd3+ 60. Kb2 Qb3+ 0-1